ბათუმის შოთა რუსთაველის სახელმწიფო უნივერსიტეტის ბიბლიოთეკა

Proklamation. Proklamation of Son Ahman, Even Jesus Christ, To All Peoples of the Earth, Even My Holy Will To Warn All of My Judgment Upon Peoples (ბიბ.ჩანაწერი № 36433)

000 -LEADER
fixed length control field 00711nam a2200205Ia 4500
001 - CONTROL NUMBER
control field 2348
003 - CONTROL NUMBER IDENTIFIER
control field GE_BSU
005 - DATE AND TIME OF LATEST TRANSACTION
control field 20221027111953.0
008 - FIXED-LENGTH DATA ELEMENTS--GENERAL INFORMATION
fixed length control field 181216s2011tu xx |||||||||||||| ||tur||
020 ## - INTERNATIONAL STANDARD BOOK NUMBER
International Standard Book Number 9781937271039
040 ## - CATALOGING SOURCE
Transcribing agency GE_BSU
041 ## - LANGUAGE CODE
Language code of text/sound track or separate title tur
080 ## - UNIVERSAL DECIMAL CLASSIFICATION NUMBER
Universal Decimal Classification number 271.22 P–93
245 ## - TITLE STATEMENT
Title Proklamation. Proklamation of Son Ahman, Even Jesus Christ, To All Peoples of the Earth, Even My Holy Will To Warn All of My Judgment Upon Peoples
264 ## - PRODUCTION, PUBLICATION, DISTRIBUTION, MANUFACTURE, AND COPYRIGHT NOTICE
Date of production, publication, distribution, manufacture, or copyright notice 2011.
300 ## - PHYSICAL DESCRIPTION
Extent 245 c.:
653 ## - INDEX TERM--UNCONTROLLED
keyword Proclamation. Proclamation of Son Ahman, Even Jesus Christ, To All Peoples of the Earth, Even My Holy Will To Warn All of My Judgment Upon Peoples
653 ## - INDEX TERM--UNCONTROLLED
keyword რელიგია
942 ## - ADDED ENTRY ELEMENTS (KOHA)
Koha item type წიგნი
Source of classification or shelving scheme
ეგზემპლარები
Withdrawn status Lost status Source of classification or shelving scheme Damaged status Not for loan Permanent Location Current Location Shelving location Date acquired Cost, normal purchase price Full call number Barcode Date last seen Copy number Price effective from Koha item type Public note
          ბათუმის შოთა რუსთაველის სახელმწიფო უნივერსიტეტის მთავარი ბიბლიოთეკა ბათუმის შოთა რუსთაველის სახელმწიფო უნივერსიტეტის მთავარი ბიბლიოთეკა წიგნსაცავი 2018-12-17 12.00 271.22 P–93 4539 2018-12-17 4539 2018-12-17 წიგნი 12.00